Online Catalogue and eLibrary

Women in our legislature : (Record no. 537)

MARC details
000 -LEADER
fixed length control field 00584cam a2200205 a 4500
001 - CONTROL NUMBER
control field 3994998
005 - DATE AND TIME OF LATEST TRANSACTION
control field 20240304034045.0
008 - FIXED-LENGTH DATA ELEMENTS--GENERAL INFORMATION
fixed length control field 960125s1995 ce a b 000 0ceng
020 ## - INTERNATIONAL STANDARD BOOK NUMBER
ISBN 9559579703
040 ## - CATALOGING SOURCE (பட்டியலாக்க மூலம்)
Original cataloging agency DLC
Transcribing agency DLC
Modifying agency DLC
082 ## - DDC Classification
DDC Edition Number 22
Class No. 323.334.
Item Number - Author Mark WOM.
100 1# - MAIN ENTRY--PERSONAL NAME
Personal name Wijesekera, Chitra.
245 10 - TITLE STATEMENT
Title Women in our legislature :
Remainder of title A Sri-Lanka study from 1931 to 1977 /
Statement of responsibility, etc. Chitra Wijesekera.
250 ## - EDITION STATEMENT
Edition statement 1st ed.
260 ## - PUBLICATION, DISTRIBUTION, ETC.
Place of publication, distribution, etc. Ratmalana, Sri Lanka :
Name of publisher, distributor, etc. Sarvodaya Vishva Lekha,
Date of publication, distribution, etc. 1995.
300 ## - PHYSICAL DESCRIPTION
Extent (e.g. Volumes, Pages etc.) xvi, 283 p. :
650 #0 - SUBJECT ADDED ENTRY--TOPICAL TERM
Topical term or geographic name entry element Women legislators
650 #0 - SUBJECT ADDED ENTRY--TOPICAL TERM
Topical term or geographic name entry element Women
942 ## - Koha item type (Biblio)
Koha item type Books in Stacks (Lending)
Holdings
Lost status Damaged status Collection code Home library Current library Date acquired Full call number Accession Number Item type
    Lending WERC Library WERC Library 03/04/2024 323.334. WOM. 5105 Books in Stacks (Lending)

© WERC Library